Independent candidates in Mainland China: Origin development and implications for China's democratization (Record no. 100968)

000 -LEADER
fixed length control field 00459pab a2200169 454500
008 - FIXED-LENGTH DATA ELEMENTS--GENERAL INFORMATION
fixed length control field 180718b2013 xxu||||| |||| 00| 0 eng d
100 ## - MAIN ENTRY--PERSONAL NAME
Personal name Sun, Ying
245 ## - TITLE STATEMENT
Title Independent candidates in Mainland China: Origin development and implications for China's democratization
260 ## - PUBLICATION, DISTRIBUTION, ETC.
Date of publication, distribution, etc. 2013
300 ## - PHYSICAL DESCRIPTION
Extent p.245-268.
362 ## - DATES OF PUBLICATION AND/OR SEQUENTIAL DESIGNATION
Dates of publication and/or sequential designation Mar-Apr
650 ## - SUBJECT ADDED ENTRY--TOPICAL TERM
Topical term or geographic name entry element Elections - China
650 ## - SUBJECT ADDED ENTRY--TOPICAL TERM
Topical term or geographic name entry element Elections
773 ## - HOST ITEM ENTRY
Main entry heading Asian Survey
908 ## - PUT COMMAND PARAMETER (RLIN)
Put command parameter N
909 ## -
-- 100969
Holdings
Withdrawn status Lost status Damaged status Not for loan Permanent Location Current Location Date acquired Serial Enumeration / chronology Barcode Date last seen Price effective from Koha item type
        Indian Institute of Public Administration Indian Institute of Public Administration 2018-07-19 Volume no: 53, Issue no: 2 AR101429 2018-07-19 2018-07-19 Articles

Powered by Koha